LEADER 01181nam a2200277 4500 001 000000362422 003 CaOOAMICUS 005 20250407154436.0 008 250402s1994 it 000 u ita r 020 $a88-8246-289-7 040 $aSeMil$bita 100 1 $aCéline, Louis-Ferdinand,$d<1894-1961>.$0(OLS)http://semarc/name/21324 245 10$aMea culpa /$cLouis-Ferdinand Céline ; introduzione di Giovanni Raboni. 264 1$aParma :$bGuanda,$c1994. 300 $a77 p. ;$c20 cm 490 1 $aLe fenici tascabili. Testi e documenti ;$v24 650 4$aLetteratura e politica.$0(OLS)http://semarc/subject/57410 700 1 $aRaboni, Giovanni,$d<1932-2004>.$0(OLS)http://semarc/name/6983 830 0$aLe fenici tascabili. Testi e documenti ;$v24.$0(OLS)http://semarc/title/453331 850 $aSeMil 852 $aSeMil$W1$xVenegono$y1$m1W II 541$j255839$B253338$CSeMilBibl$Z2$F253338 $81 961 $aBuzzi mons. Franco - Omaggio 996 $6020$a88-8246-289-7$9(OLS)http://semarc/number/302911 996 $6245$aMea culpa$9(OLS)http://semarc/title/140418 996 $6264$aParma :$bGuanda$9(OLS)http://semarc/publisher/31392 LEADER 00785nam a2200217 i 4500 001 000000256333 003 CaOOAMICUS 005 20171122000000.0 008 171122s1853 it u000 u ita u 013 $a235241 040 $aSeMil$bita 245 10$aParte 1. Vol. 1. 300 $aXL, 343 p. 500 $aLascito Card. C.M. Martini. 650 4$aProtestantesimo.$0(OLS)http://semarc/subject/936 773 0 $aPerrone, Giovanni $tProtestantesimo e la regola di fede.$dRoma : Coi tipi della Civiltà Cattolica, 1853.$g1$w()28421 850 $aSeMil 852 $aSeMil$W1$xVenegono$y1$m2K III 127 FA$j206679$B206679$CSeMilBibl$Z2$F220092 $8I 941 1 $a4 961 $aLascito: Martini Card. Carlo Maria 996 $6245$aParte 1. Vol. 1$9(OLS)http://semarc/title/98236